[Event "Ct. Catalunya Absolut Final"]
[Site "Barcelona"]
[Date "2014.05.04"]
[Round "1.2"]
[White "Pinsach Gelabert, A."]
[Black "Narciso Dublan, M."]
[Result "1/2-1/2"]
[WhiteElo "2140"]
[BlackElo "2533"]
[PlyCount "43"]
[EventDate "2014.05.03"]
[EventType "k.o."]
[EventRounds "4"]
[EventCountry "ESP"]
[Source "Chessbase"]
[SourceDate "2014.05.17"]

1. e4 c6 2. d4 d5 3. Nc3 dxe4 4. Nxe4 Nf6 5. Nxf6+ exf6 6. c3 Bd6 7. Bd3 O-O 8.
Qc2 Re8+ 9. Ne2 g6 10. h4 Be6 11. h5 f5 12. hxg6 fxg6 13. Bh6 Bf7 14. O-O-O Nd7
15. Kb1 b5 16. f3 Qf6 17. Qd2 Nb6 18. b3 a5 19. Bg5 Qg7 20. Bh6 Qf6 21. Bg5 Qg7
22. Bh6 1/2-1/2

[Event "Ct. Catalunya Absolut Final"]
[Site "Barcelona"]
[Date "2014.05.04"]
[Round "1.2"]
[White "Vila Gazquez, X."]
[Black "Diaz Camallonga, C."]
[Result "1-0"]
[WhiteElo "2471"]
[BlackElo "2235"]
[PlyCount "125"]
[EventDate "2014.05.03"]
[EventType "k.o."]
[EventRounds "4"]
[EventCountry "ESP"]
[Source "Chessbase"]
[SourceDate "2014.05.17"]

1. Nf3 Nf6 2. c4 e6 3. Nc3 Bb4 4. Qc2 O-O 5. a3 Bxc3 6. Qxc3 b6 7. d3 d6 8. g3
Bb7 9. Bg2 Nbd7 10. O-O c5 11. b4 Rc8 12. Qb3 Qc7 13. Bb2 e5 14. Rac1 Rfe8 15.
Rfd1 Nf8 16. e3 Ne6 17. d4 cxd4 18. exd4 exd4 19. Nxd4 Nxd4 20. Bxd4 Bxg2 21.
Kxg2 Qc6+ 22. Qf3 Qxf3+ 23. Kxf3 Re6 24. Rc2 Kf8 25. Bxf6 Rxf6+ 26. Ke4 Re6+
27. Kd4 Ke7 28. Rd3 Kd7 29. Rf3 f6 30. Re3 Rxe3 31. fxe3 Re8 32. e4 Re5 33. Rf2
Kc6 34. Rf5 Re7 35. g4 a6 36. a4 h6 37. h4 Re6 38. h5 Re7 39. a5 b5 40. cxb5+
axb5 41. Rd5 Re8 42. Ke3 Re5 43. Kf4 Re8 44. Rd1 Re7 45. Ke3 Rf7 46. a6 Ra7 47.
Ra1 d5 48. Kd4 dxe4 49. Kxe4 Kd6 50. Ra5 Ke6 51. Kf4 Ke7 52. Kf5 Kf7 53. Ra1
Ke7 54. Ra3 Kf7 55. Ra5 Ke7 56. Kg6 Ke6 57. Rxb5 Rxa6 58. Kxg7 Ra1 59. Rb6+ Ke5
60. Rxf6 Rg1 61. Rg6 Rb1 62. Kxh6 Rxb4 63. g5 1-0

[Event "Ct. Catalunya Absolut Final"]
[Site "Barcelona"]
[Date "2014.05.04"]
[Round "1.3"]
[White "Asis Gargatagli, H."]
[Black "Esplugas Esteve, V."]
[Result "1-0"]
[WhiteElo "2460"]
[BlackElo "2238"]
[PlyCount "103"]
[EventDate "2014.05.03"]
[EventType "k.o."]
[EventRounds "4"]
[EventCountry "ESP"]
[Source "Chessbase"]
[SourceDate "2014.05.17"]

1. e4 e6 2. d3 d5 3. Qe2 Nc6 4. Nf3 e5 5. c3 Nf6 6. b4 dxe4 7. dxe4 Bd6 8. g3
O-O 9. Bg2 h6 10. O-O Be6 11. Nbd2 Qe7 12. Nc4 Rad8 13. a4 Nb8 14. Nfxe5 Rfe8
15. f3 a5 16. Nxd6 cxd6 17. Nd3 Bc4 18. Rd1 d5 19. e5 Nc6 20. f4 axb4 21. cxb4
Nxb4 22. Ba3 Bxd3 23. Rxd3 Qc5+ 24. Kh1 Ne4 25. Rf1 Qc4 26. Re3 Qd4 27. Bxe4
dxe4 28. Rxe4 Qd5 29. Kg1 Nd3 30. h3 Qb3 31. Bd6 Qb6+ 32. Kh2 Nc5 33. Bxc5 Qxc5
34. Rf2 Qa3 35. f5 Rd3 36. Rg2 Rf3 37. e6 fxe6 38. fxe6 Rf6 39. Qc4 Qd6 40.
Rge2 Rf3 41. Rg4 Kh8 42. Rxg7 Rxe6 43. Rg4 Rxe2+ 44. Qxe2 Qf8 45. Kg2 Rf5 46.
Re4 Qc5 47. Re8+ Kg7 48. Qe7+ Qxe7 49. Rxe7+ Kf6 50. Rxb7 Ra5 51. Rb6+ Kg5 52.
Rb5+ 1-0

[Event "Ct. Catalunya Absolut Final"]
[Site "Barcelona"]
[Date "2014.05.04"]
[Round "1.3"]
[White "Mellado Triviño, J."]
[Black "Alonso Moyano, J."]
[Result "0-1"]
[WhiteElo "2443"]
[BlackElo "2402"]
[PlyCount "90"]
[EventDate "2014.05.03"]
[EventType "k.o."]
[EventRounds "4"]
[EventCountry "ESP"]
[Source "Chessbase"]
[SourceDate "2014.05.17"]

1. d4 f5 2. Bg5 h6 3. Bh4 g5 4. e4 Rh7 5. Qh5+ Rf7 6. Nf3 Nf6 7. Qg6 Nc6 8. Bc4
e6 9. Bxg5 fxe4 10. Bxf6 Qxf6 11. Qxe4 b6 12. Nc3 Bb7 13. O-O-O O-O-O 14. Qe2
Kb8 15. d5 exd5 16. Nxd5 Qg7 17. Ne3 Rf6 18. Bd5 Bc5 19. Rhe1 Rdf8 20. Bxc6
Bxc6 21. Nd5 Bxd5 22. Rxd5 Qxg2 23. Rxc5 bxc5 24. Ne5 Kc8 25. Qd3 Qxf2 26.
Qxd7+ Kb8 27. Nd3 Qd4 28. Re8+ Rxe8 29. Qxe8+ Kb7 30. Qb5+ Kc8 31. Qe8+ Qd8 32.
Qe4 Rf1+ 33. Kd2 Qg5+ 34. Kc3 Qf6+ 35. Kb3 Rf5 36. Qe8+ Kb7 37. Qe4+ c6 38. a4
Qf7+ 39. Ka3 c4 40. Nb4 Rf6 41. Qe5 Qe6 42. Qa5 Qd6 43. Qa6+ Kb8 44. Qxc4 a5
45. Qg8+ Rf8 0-1

[Event "Ct. Catalunya Absolut Final"]
[Site "Barcelona"]
[Date "2014.05.04"]
[Round "1.4"]
[White "Alonso Moyano, J."]
[Black "Mellado Triviño, J."]
[Result "0-1"]
[WhiteElo "2402"]
[BlackElo "2443"]
[PlyCount "108"]
[EventDate "2014.05.03"]
[EventType "k.o."]
[EventRounds "4"]
[EventCountry "ESP"]
[Source "Chessbase"]
[SourceDate "2014.05.17"]

1. e4 e6 2. d4 d5 3. Nd2 dxe4 4. Nxe4 Qd5 5. Nc3 Bb4 6. Nf3 Nf6 7. Bd2 Bxc3 8.
bxc3 b6 9. c4 Qe4+ 10. Be3 Bb7 11. h3 Qf5 12. Bd3 Bxf3 13. Qxf3 Qxf3 14. gxf3
Nbd7 15. Rg1 g6 16. c5 bxc5 17. dxc5 Nd5 18. c6 Ne5 19. Ke2 Nxe3 20. fxe3 Ke7
21. f4 Nxd3 22. cxd3 Rab8 23. Rab1 Rb6 24. Rgc1 Kd6 25. e4 Rhb8 26. Rxb6 Rxb6
27. Rc2 f6 28. Ke3 Rxc6 29. Rf2 Rc3 30. Kd4 Ra3 31. e5+ fxe5+ 32. fxe5+ Ke7 33.
Rc2 Ra4+ 34. Ke3 Kd7 35. Rf2 Rh4 36. Rf7+ Kc6 37. Re7 Rxh3+ 38. Kd4 Rh4+ 39.
Kc3 Kd5 40. Rxc7 h5 41. Rxa7 Kxe5 42. a4 Rh1 43. a5 h4 44. a6 Ra1 45. Rh7 g5
46. a7 Kf4 47. Kd4 Ra5 48. Rf7+ Kg3 49. Ke3 g4 50. Re7 h3 51. Rxe6 Rxa7 52. Rh6
h2 53. d4 Re7+ 54. Kd3 Re1 0-1

[Event "Ct. Catalunya Absolut Final"]
[Site "Barcelona"]
[Date "2014.05.04"]
[Round "1.4"]
[White "Esplugas Esteve, V."]
[Black "Asis Gargatagli, H."]
[Result "0-1"]
[WhiteElo "2238"]
[BlackElo "2460"]
[PlyCount "76"]
[EventDate "2014.05.03"]
[EventType "k.o."]
[EventRounds "4"]
[EventCountry "ESP"]
[Source "Chessbase"]
[SourceDate "2014.05.17"]

1. d4 Nf6 2. c4 g6 3. Nc3 d5 4. cxd5 Nxd5 5. e4 Nxc3 6. bxc3 Bg7 7. Bc4 c5 8.
Ne2 Nc6 9. Be3 O-O 10. O-O Bg4 11. f3 Bd7 12. Qd2 Qa5 13. Rab1 cxd4 14. Nxd4
Nxd4 15. Bxd4 Bc6 16. Qe3 Rfd8 17. Rfd1 b6 18. f4 Rac8 19. Bb3 e6 20. Rb2 Ba4
21. Rbd2 Bxd4 22. cxd4 Rc3 23. Rd3 Bxb3 24. axb3 Rc2 25. f5 exf5 26. Qg5 Re8
27. Rh3 Rxe4 28. Rf3 Re1+ 29. Rf1 Rxf1+ 30. Kxf1 Qb5+ 31. Kg1 Qe2 32. Rf1 Qd2
33. Qd8+ Kg7 34. Qd5 Qe3+ 35. Kh1 Rc1 36. Qb5 Rxf1+ 37. Qxf1 Qxd4 38. h3 a5 0-1

[Event "Ct. Catalunya Absolut Final"]
[Site "Barcelona"]
[Date "2014.05.04"]
[Round "1.5"]
[White "Mellado Triviño, J."]
[Black "Alonso Moyano, J."]
[Result "1-0"]
[WhiteElo "2443"]
[BlackElo "2402"]
[PlyCount "93"]
[EventDate "2014.05.03"]
[EventType "k.o."]
[EventRounds "4"]
[EventCountry "ESP"]
[Source "Chessbase"]
[SourceDate "2014.05.17"]

1. e4 c5 2. c3 d5 3. exd5 Qxd5 4. d4 Nf6 5. Nf3 Bg4 6. Be2 e6 7. O-O Be7 8. h3
Bh5 9. Be3 cxd4 10. Nxd4 Bxe2 11. Qxe2 O-O 12. c4 Qd8 13. Nc3 Nbd7 14. Rfd1 Qc8
15. Ndb5 a6 16. Nd6 Qc6 17. Bf4 Rad8 18. Rd2 e5 19. Nf5 Rfe8 20. Bg5 Qe6 21.
Nxe7+ Qxe7 22. Nd5 Qf8 23. Nc7 Re7 24. Rad1 Rc8 25. Nd5 Nxd5 26. Bxe7 Nxe7 27.
Rxd7 Nc6 28. Rxb7 Qc5 29. Qf3 Rf8 30. Qd5 Qxd5 31. cxd5 Nd4 32. d6 Rd8 33. d7
f6 34. Kf1 Kf7 35. f4 Ke7 36. fxe5 fxe5 37. Kf2 Rxd7 38. Rxd7+ Kxd7 39. Ke3 Kd6
40. Rxd4+ exd4+ 41. Kxd4 h6 42. b4 g6 43. g4 g5 44. a4 Ke6 45. b5 axb5 46. axb5
Kd6 47. Ke4 1-0

[Event "Ct. Catalunya Absolut Final"]
[Site "Barcelona"]
[Date "2014.05.04"]
[Round "1.6"]
[White "Alonso Moyano, J."]
[Black "Mellado Triviño, J."]
[Result "1/2-1/2"]
[WhiteElo "2402"]
[BlackElo "2443"]
[PlyCount "100"]
[EventDate "2014.05.03"]
[EventType "k.o."]
[EventRounds "4"]
[EventCountry "ESP"]
[Source "Chessbase"]
[SourceDate "2014.05.17"]

1. e4 e5 2. Nc3 Bc5 3. g3 d6 4. Bg2 Nc6 5. Na4 Nf6 6. d3 O-O 7. Nxc5 dxc5 8.
Be3 b6 9. h3 Ba6 10. b3 Nd4 11. Ne2 Qd6 12. Nxd4 cxd4 13. Bd2 Nd7 14. O-O c5
15. f4 b5 16. a4 b4 17. f5 Bb7 18. g4 Bc6 19. g5 Rfe8 20. h4 Nf8 21. Kh2 a5 22.
Rg1 Ra7 23. Qg4 Bd7 24. Qg3 Bc8 25. Raf1 Rc7 26. h5 Ra7 27. h6 g6 28. fxg6 fxg6
29. Rf6 Re6 30. Rgf1 Rxf6 31. Rxf6 Qe7 32. Bh3 Bxh3 33. Qxh3 Nd7 34. Rf1 Ra8
35. Kg2 Rf8 36. Rxf8+ Kxf8 37. Qg4 Kf7 38. Be1 Qe6 39. Qf3+ Ke8 40. Bg3 Qf7 41.
Qg4 Ke7 42. Qe2 Qe6 43. Kh2 Ke8 44. Qf3 Ke7 45. Kg2 Qf7 46. Qg4 Qe6 47. Qe2 Qf7
48. Qg4 Qe6 49. Qe2 Qf7 50. Qg4 Qe6 1/2-1/2

[Event "Ct. Catalunya Absolut Final"]
[Site "Barcelona"]
[Date "2014.05.05"]
[Round "2.1"]
[White "Alonso Rosell, A."]
[Black "Aloma Vidal, R."]
[Result "1-0"]
[WhiteElo "2531"]
[BlackElo "2406"]
[PlyCount "87"]
[EventDate "2014.05.03"]
[EventType "k.o."]
[EventRounds "4"]
[EventCountry "ESP"]
[Source "Chessbase"]
[SourceDate "2014.05.17"]

1. Nf3 Nf6 2. d4 g6 3. g3 Bg7 4. Bg2 d5 5. O-O O-O 6. c4 dxc4 7. Na3 c3 8. bxc3
c5 9. e3 Nc6 10. Rb1 Nd5 11. Qd2 cxd4 12. cxd4 Nb6 13. Nh4 Be6 14. Rb5 Bd7 15.
Rd1 Rc8 16. h3 Bf6 17. Rb1 e6 18. Nf3 Ne7 19. e4 Ba4 20. Re1 Bg7 21. h4 h5 22.
Bb2 Qd6 23. Qe3 Rfd8 24. Bh3 Nc6 25. d5 Bxb2 26. Rxb2 Ne5 27. dxe6 f6 28. Nxe5
Qxe5 29. Qh6 Be8 30. e7 Qxe7 31. Bxc8 Rxc8 32. Rb3 Bf7 33. Rd3 Nd7 34. Rc1
Rxc1+ 35. Qxc1 Ne5 36. Re3 Bxa2 37. Qc8+ Kg7 38. Nb5 a6 39. Nc7 Ng4 40. Re2 Bc4
41. Ne8+ Qxe8 42. Qxe8 Bxe2 43. Qd7+ Kh6 44. Qd2+ 1-0

[Event "Ct. Catalunya Absolut Final"]
[Site "Barcelona"]
[Date "2014.05.05"]
[Round "2.1"]
[White "Asis Gargatagli, H."]
[Black "Muñoz Pantoja, M."]
[Result "1-0"]
[WhiteElo "2460"]
[BlackElo "2457"]
[PlyCount "31"]
[EventDate "2014.05.03"]
[EventType "k.o."]
[EventRounds "4"]
[EventCountry "ESP"]
[Source "Chessbase"]
[SourceDate "2014.05.17"]

1. e4 d5 2. exd5 Qxd5 3. Nc3 Qa5 4. d4 Nf6 5. Nf3 Bg4 6. h3 Bxf3 7. Qxf3 c6 8.
Bd2 Nbd7 9. Bc4 Qb6 10. O-O-O Qxd4 11. Bxf7+ Kxf7 12. Be3 Ne5 13. Qg3 Qc4 14.
Qxe5 g6 15. Rhe1 Bg7 16. b3 1-0

[Event "Ct. Catalunya Absolut Final"]
[Site "Barcelona"]
[Date "2014.05.05"]
[Round "2.1"]
[White "Perez Mitjans, O."]
[Black "Narciso Dublan, M."]
[Result "0-1"]
[WhiteElo "2402"]
[BlackElo "2533"]
[PlyCount "98"]
[EventDate "2014.05.03"]
[EventType "k.o."]
[EventRounds "4"]
[EventCountry "ESP"]
[Source "Chessbase"]
[SourceDate "2014.05.17"]

1. e4 e6 2. d4 d5 3. Nc3 Nf6 4. Bg5 dxe4 5. Nxe4 Be7 6. Bxf6 Bxf6 7. Nf3 Nd7 8.
Qd2 O-O 9. O-O-O Be7 10. Bd3 c5 11. dxc5 Qc7 12. h4 f5 13. Nc3 Nxc5 14. Kb1 Bd7
15. Rhe1 Rad8 16. Nd5 Qd6 17. Nxe7+ Qxe7 18. Qb4 Bc6 19. Nd4 Qd6 20. Bc4 Bxg2
21. a3 Rf6 22. Nb5 Qxd1+ 23. Rxd1 Rxd1+ 24. Ka2 Nd7 25. Qe7 Nf8 26. Nd6 b6 27.
h5 h6 28. Bb3 a5 29. a4 Rd2 30. f4 Rd4 31. Qc7 Bd5 32. c4 Bh1 33. Qxb6 Rxf4 34.
c5 Bd5 35. Bxd5 Rxa4+ 36. Kb1 exd5 37. Qd8 f4 38. Ne8 Rf5 39. Qe7 Rf7 40. Qe2
Re4 41. Qf3 Rxe8 42. c6 Ne6 43. Ka2 d4 44. Ka3 d3 45. Qxd3 f3 46. Qf1 f2 47.
Ka4 Rf5 48. b3 Kh8 49. Ka3 Rc8 0-1

[Event "Ct. Catalunya Absolut Final"]
[Site "Barcelona"]
[Date "2014.05.05"]
[Round "2.1"]
[White "Vila Gazquez, X."]
[Black "Mellado Triviño, J."]
[Result "1-0"]
[WhiteElo "2471"]
[BlackElo "2443"]
[PlyCount "71"]
[EventDate "2014.05.03"]
[EventType "k.o."]
[EventRounds "4"]
[EventCountry "ESP"]
[Source "Chessbase"]
[SourceDate "2014.05.17"]

1. b3 e5 2. Bb2 Nc6 3. e3 Nf6 4. c4 d6 5. Nc3 g6 6. Nf3 Bg7 7. d4 exd4 8. Nxd4
O-O 9. Be2 Bd7 10. O-O Re8 11. Nd5 Nxd5 12. cxd5 Nb4 13. Bf3 Bb5 14. Nxb5 Bxb2
15. Rb1 Be5 16. Qd2 a5 17. Rbc1 Na6 18. Qxa5 Nc5 19. Qd2 Qd7 20. Nd4 Bxd4 21.
exd4 Ne4 22. Qc2 Ng5 23. Be2 Re7 24. a4 h5 25. f4 Ne4 26. f5 Kg7 27. Bb5 Qd8
28. fxg6 fxg6 29. Rfe1 Nf6 30. Rxe7+ Qxe7 31. Qxc7 Nxd5 32. Qxe7+ Nxe7 33. Rc7
Kf6 34. Rxb7 Rc8 35. a5 Rc3 36. Ba4 1-0

[Event "Ct. Catalunya Absolut Final"]
[Site "Barcelona"]
[Date "2014.05.06"]
[Round "2.2"]
[White "Aloma Vidal, R."]
[Black "Alonso Rosell, A."]
[Result "0-1"]
[WhiteElo "2406"]
[BlackElo "2531"]
[PlyCount "140"]
[EventDate "2014.05.03"]
[EventType "k.o."]
[EventRounds "4"]
[EventCountry "ESP"]
[Source "Chessbase"]
[SourceDate "2014.05.17"]

1. e4 c6 2. d4 d5 3. Nc3 dxe4 4. Nxe4 Bf5 5. Ng3 Bg6 6. Bc4 e6 7. N1e2 Bd6 8.
O-O Qc7 9. f4 Ne7 10. Nc3 Nd7 11. Nce4 Rd8 12. c3 O-O 13. Qf3 c5 14. Nxd6 Qxd6
15. Be3 Qc7 16. dxc5 Nxc5 17. Qf2 Ne4 18. Nxe4 Qxc4 19. Nd2 Qa6 20. Bc5 Rfe8
21. Nf3 b6 22. Bd4 Nf5 23. h3 Nxd4 24. Nxd4 Be4 25. a4 Rd5 26. Rfe1 f5 27. Re3
Qc4 28. h4 Qc7 29. Rae1 Qf7 30. Rg3 Rc8 31. h5 Qxh5 32. Nxe6 Rd7 33. Rg5 Qh6
34. Nd4 Qf6 35. Rg3 Qf7 36. Rh3 Qg6 37. Kh2 Rd6 38. Ree3 Qf7 39. Reg3 Rcd8 40.
Rg5 h6 41. Rgg3 Rg6 42. Rxg6 Qxg6 43. Qe2 Kh7 44. Rg3 Qf6 45. Qh5 Rd6 46. Rg5
Rd5 47. Qh3 Kg8 48. Rg3 Kh7 49. Qh5 Rd6 50. Kh3 Rd8 51. Re3 g6 52. Qe2 g5 53.
Rxe4 fxe4 54. Qxe4+ Kg8 55. f5 Qf7 56. Kg4 Qd5 57. Qe6+ Qxe6 58. fxe6 Rf8 59.
e7 Rf4+ 60. Kh5 Kf7 61. Kxh6 Rg4 62. Nc6 Rxg2 63. Nxa7 Kxe7 64. b4 Kf6 65. Kh5
Kf5 66. Kh6 Rh2+ 67. Kg7 Ra2 68. Nc8 g4 69. Nxb6 g3 70. Nc4 Kf4 0-1

[Event "Ct. Catalunya Absolut Final"]
[Site "Barcelona"]
[Date "2014.05.06"]
[Round "2.2"]
[White "Mellado Triviño, J."]
[Black "Vila Gazquez, X."]
[Result "1/2-1/2"]
[WhiteElo "2443"]
[BlackElo "2471"]
[PlyCount "110"]
[EventDate "2014.05.03"]
[EventType "k.o."]
[EventRounds "4"]
[EventCountry "ESP"]
[Source "Chessbase"]
[SourceDate "2014.05.17"]

1. d4 d5 2. Bg5 h6 3. Bh4 c6 4. e3 Qb6 5. Nd2 Bf5 6. Qc1 e6 7. Ngf3 Be7 8. Bxe7
Nxe7 9. c4 Nd7 10. Be2 O-O 11. O-O c5 12. cxd5 exd5 13. dxc5 Nxc5 14. Qc3 Nc6
15. Rfc1 Ne6 16. Nb3 Rfd8 17. Nfd4 Nexd4 18. Nxd4 Nxd4 19. Qxd4 Qxd4 20. exd4
Rac8 21. Kf1 Kf8 22. Ke1 Ke7 23. Kd2 Kd6 24. h4 Rxc1 25. Rxc1 Rc8 26. Rxc8 Bxc8
27. f4 f5 28. Ke3 Bd7 29. Kf2 Ke7 30. Bf3 Be6 31. Kg3 Kf6 32. h5 b6 33. Kh4 Kf7
34. Be2 Bd7 35. Bf3 Be6 36. Kg3 Ke7 37. Kf2 Kd6 38. Be2 Bd7 39. Bd3 Ke6 40. Ke3
Kd6 41. b4 Ke6 42. Be2 Kd6 43. Kd2 Be8 44. Ke3 Bd7 45. Kf2 Ke7 46. Kg3 Ba4 47.
Bf3 Ke6 48. Kf2 Bc2 49. g3 Bb1 50. a3 Bd3 51. Ke3 Bb5 52. Bd1 Be8 53. Be2 Kf6
54. Kd2 Ke6 55. Ke3 Kf6 1/2-1/2

[Event "Ct. Catalunya Absolut Final"]
[Site "Barcelona"]
[Date "2014.05.06"]
[Round "2.2"]
[White "Muñoz Pantoja, M."]
[Black "Asis Gargatagli, H."]
[Result "1/2-1/2"]
[WhiteElo "2457"]
[BlackElo "2460"]
[PlyCount "121"]
[EventDate "2014.05.03"]
[EventType "k.o."]
[EventRounds "4"]
[EventCountry "ESP"]
[Source "Chessbase"]
[SourceDate "2014.05.17"]

1. e4 e5 2. Nf3 Nc6 3. d4 exd4 4. Nxd4 Nf6 5. Nc3 Bb4 6. Nxc6 bxc6 7. Bd3 O-O
8. O-O d5 9. exd5 cxd5 10. Bg5 c6 11. Qf3 Bd6 12. Bxf6 Qxf6 13. Qxf6 gxf6 14.
Ne2 c5 15. c4 dxc4 16. Bxc4 Be5 17. f4 Bxb2 18. Rab1 Rb8 19. Bb3 Ba6 20. Rxb2
c4 21. Ng3 cxb3 22. Rc1 bxa2 23. Rxa2 Rb6 24. Rca1 Bc4 25. Rxa7 Rb2 26. Nf5 Be6
27. Ne3 Re2 28. R1a3 Rb8 29. Ra8 Rxa8 30. Rxa8+ Kg7 31. Ra3 f5 32. h3 h5 33.
Kh2 h4 34. Kg1 Kg6 35. Kf1 Rb2 36. Ra4 Kf6 37. Rd4 Kg6 38. Nd1 Rc2 39. Kg1 Kf6
40. Ne3 Ra2 41. Nf1 Bc8 42. Rd6+ Kg7 43. Rd2 Ra1 44. Kf2 Ra4 45. g3 hxg3+ 46.
Kxg3 Ra3+ 47. Kh4 Rf3 48. Ng3 Kg6 49. Nh5 Be6 50. Rd8 Bc4 51. Rc8 Be6 52. Rb8
Rf1 53. Rg8+ Kh6 54. Rg3 Rf2 55. Rg1 Rf3 56. Rg8 Rf1 57. Rg5 Rf3 58. Rg1 Bc4
59. Rc1 Be6 60. Rd1 Kg6 61. Rg1+ 1/2-1/2

[Event "Ct. Catalunya Absolut Final"]
[Site "Barcelona"]
[Date "2014.05.06"]
[Round "2.2"]
[White "Narciso Dublan, M."]
[Black "Perez Mitjans, O."]
[Result "1/2-1/2"]
[WhiteElo "2533"]
[BlackElo "2402"]
[PlyCount "123"]
[EventDate "2014.05.03"]
[EventType "k.o."]
[EventRounds "4"]
[EventCountry "ESP"]
[Source "Chessbase"]
[SourceDate "2014.05.17"]

1. d4 Nf6 2. c4 g6 3. Nc3 Bg7 4. e4 d6 5. Be2 O-O 6. Nf3 Na6 7. Bf4 Qe8 8. e5
Nh5 9. Be3 f5 10. exf6 Nxf6 11. d5 e5 12. dxe6 Bxe6 13. O-O Kh8 14. Re1 Bg8 15.
Qd2 Nc5 16. Rad1 a5 17. Bf1 Qc6 18. b3 Rae8 19. Nb5 b6 20. Bh6 Bxh6 21. Qxh6
Nce4 22. Qe3 Qd7 23. Qd4 g5 24. Bd3 c5 25. Qb2 Qg7 26. Bxe4 Nxe4 27. Qxg7+ Kxg7
28. Nc7 Rc8 29. Rxe4 Rxc7 30. Nxg5 Rf6 31. Nh3 a4 32. Nf4 Bf7 33. g3 axb3 34.
axb3 Ra7 35. Rd3 Kf8 36. Nd5 Bxd5 37. Rxd5 Ra2 38. Rf4 Rxf4 39. gxf4 Rb2 40.
Rxd6 Rxb3 41. Kg2 h5 42. h4 Kg7 43. f3 Rb4 44. Kg3 Kf7 45. f5 Ke7 46. Re6+ Kf7
47. Re4 Rb3 48. Kf4 Rc3 49. Kg5 Rxf3 50. Re6 Rb3 51. Kxh5 Rf3 52. Kg5 Rg3+ 53.
Kf4 Rc3 54. Rxb6 Rxc4+ 55. Kg5 Rc1 56. Rb7+ Kg8 57. Rc7 c4 58. Kg6 Rg1+ 59. Kf6
Rc1 60. Kg6 Rg1+ 61. Kf6 Rc1 62. Kg6 1/2-1/2

[Event "Ct. Catalunya Absolut Final"]
[Site "Barcelona"]
[Date "2014.05.07"]
[Round "3.1"]
[White "Asis Gargatagli, H."]
[Black "Alonso Rosell, A."]
[Result "1/2-1/2"]
[WhiteElo "2460"]
[BlackElo "2531"]
[PlyCount "36"]
[EventDate "2014.05.03"]
[EventType "k.o."]
[EventRounds "4"]
[EventCountry "ESP"]
[Source "Chessbase"]
[SourceDate "2014.05.17"]

1. e4 e5 2. Nf3 Nc6 3. Bc4 Bc5 4. c3 Nf6 5. d3 a6 6. Bb3 O-O 7. Nbd2 h6 8. h3
Re8 9. O-O d6 10. Re1 Be6 11. Bc2 Ba7 12. Nf1 d5 13. Qe2 b5 14. N3h2 Ne7 15.
Ng4 Nxg4 16. hxg4 Ng6 17. g3 Qd7 18. Nh2 Rad8 1/2-1/2

[Event "Ct. Catalunya Absolut Final"]
[Site "Barcelona"]
[Date "2014.05.07"]
[Round "3.1"]
[White "Vila Gazquez, X."]
[Black "Narciso Dublan, M."]
[Result "0-1"]
[WhiteElo "2471"]
[BlackElo "2533"]
[PlyCount "115"]
[EventDate "2014.05.03"]
[EventType "k.o."]
[EventRounds "4"]
[EventCountry "ESP"]
[Source "Chessbase"]
[SourceDate "2014.05.17"]

1. d4 e6 2. Nf3 f5 3. g3 Nf6 4. Bg2 d5 5. O-O Bd6 6. c4 O-O 7. b3 b6 8. a4 a5
9. Ba3 Bxa3 10. Nxa3 Bb7 11. Ne5 Qe7 12. Qc1 Na6 13. Nb5 Rac8 14. Na7 Rce8 15.
Qf4 c5 16. Nb5 Ne4 17. Bxe4 dxe4 18. h4 Rd8 19. Rad1 Nb4 20. Rd2 cxd4 21. Nxd4
Nd3 22. Ndc6 Bxc6 23. exd3 Ba8 24. dxe4 fxe4 25. Rxd8 Qxd8 26. Qe3 Qd6 27. Ng4
Rf3 28. Qe2 Rxb3 29. Ne3 Bc6 30. Ra1 h6 31. Qg4 Qe5 32. Rd1 Kh7 33. Rd8 Rb1+
34. Rd1 Rb2 35. c5 Qf6 36. Qf4 Qxf4 37. gxf4 bxc5 38. Rc1 Bxa4 39. Rxc5 Bb5 40.
Nc2 a4 41. Na3 Bd3 42. Ra5 Rb4 43. h5 Kg8 44. Ra7 Kf8 45. Kg2 Ke8 46. Kh2 Kd8
47. Kg2 Kc8 48. Kh2 Kb8 49. Rxg7 Rb3 50. Rg6 Rxa3 51. Rxh6 Ra2 52. Rh8+ Kb7 53.
h6 e3 54. h7 exf2 55. Rb8+ Kc6 56. Rc8+ Kd5 57. Rd8+ Ke4 58. Rd4+ 0-1

[Event "Ct. Catalunya Absolut Final"]
[Site "Barcelona"]
[Date "2014.05.08"]
[Round "3.2"]
[White "Alonso Rosell, A."]
[Black "Asis Gargatagli, H."]
[Result "1/2-1/2"]
[WhiteElo "2531"]
[BlackElo "2460"]
[PlyCount "60"]
[EventDate "2014.05.03"]
[EventType "k.o."]
[EventRounds "4"]
[EventCountry "ESP"]
[Source "Chessbase"]
[SourceDate "2014.05.17"]

1. d4 Nf6 2. c4 c5 3. d5 e6 4. Nc3 exd5 5. cxd5 d6 6. Nf3 g6 7. Bf4 a6 8. a4
Bg7 9. h3 O-O 10. e3 Re8 11. Be2 Ne4 12. Nxe4 Rxe4 13. Nd2 Rb4 14. O-O Nd7 15.
Bxd6 b6 16. e4 Nf6 17. Be5 Nxe4 18. Bxg7 Kxg7 19. Nxe4 Rxe4 20. Bf3 Rb4 21. Qe2
Bd7 22. Qe5+ Qf6 23. Qc7 Bxh3 24. d6 Rd8 25. gxh3 Qxf3 26. Qxd8 Qxh3 27. Ra3
Rg4+ 28. Rg3 Rxg3+ 29. fxg3 Qxg3+ 30. Kh1 Qh3+ 1/2-1/2

[Event "Ct. Catalunya Absolut Final"]
[Site "Barcelona"]
[Date "2014.05.08"]
[Round "3.2"]
[White "Narciso Dublan, M."]
[Black "Vila Gazquez, X."]
[Result "1/2-1/2"]
[WhiteElo "2533"]
[BlackElo "2471"]
[PlyCount "85"]
[EventDate "2014.05.03"]
[EventType "k.o."]
[EventRounds "4"]
[EventCountry "ESP"]
[Source "Chessbase"]
[SourceDate "2014.05.17"]

1. d4 Nf6 2. c4 e6 3. Nc3 Bb4 4. Qc2 O-O 5. a3 Bxc3+ 6. Qxc3 b6 7. Nf3 d6 8.
Bg5 h6 9. Bh4 Bb7 10. Nd2 Nbd7 11. f3 c5 12. e4 cxd4 13. Qxd4 Qc7 14. Be2 e5
15. Qe3 Nh5 16. O-O Nf4 17. Rfe1 Nxe2+ 18. Qxe2 Nc5 19. Rac1 Ne6 20. Qd1 Nf4
21. Nf1 f5 22. exf5 Rxf5 23. Ne3 Rff8 24. Rc2 Rae8 25. b4 Qf7 26. Bg3 Ne6 27.
Rd2 Nd4 28. Rf1 Qg6 29. Rdf2 h5 30. f4 h4 31. Bxh4 exf4 32. Nd5 Qe4 33. Ne7+
Rxe7 34. Bxe7 f3 35. gxf3 Rxf3 36. Rxf3 Nxf3+ 37. Qxf3 Qxe7 38. Qf4 g5 39. Qf6
Qe3+ 40. Qf2 Qe7 41. Qf6 Qe3+ 42. Qf2 Qe8 43. Qf6 1/2-1/2

[Event "Ct. Catalunya Absolut Final"]
[Site "Barcelona"]
[Date "2014.05.09"]
[Round "4.1"]
[White "Alonso Rosell, A."]
[Black "Narciso Dublan, M."]
[Result "1-0"]
[WhiteElo "2531"]
[BlackElo "2533"]
[PlyCount "131"]
[EventDate "2014.05.03"]
[EventType "k.o."]
[EventRounds "4"]
[EventCountry "ESP"]
[Source "Chessbase"]
[SourceDate "2014.05.17"]

1. d4 e6 2. c4 f5 3. Nc3 Nf6 4. e3 Bb4 5. Nge2 O-O 6. a3 Be7 7. Nf4 d6 8. Be2
c6 9. O-O e5 10. Nh5 Nxh5 11. Bxh5 Nd7 12. b4 Nf6 13. Be2 Be6 14. Bb2 e4 15. d5
Bf7 16. dxc6 bxc6 17. b5 Rb8 18. Qd2 Qb6 19. Rfd1 Rfc8 20. a4 Kh8 21. Ba3 cxb5
22. cxb5 Rb7 23. Rdc1 Rbc7 24. Nd1 Bc4 25. Bxc4 Rxc4 26. Rxc4 Rxc4 27. Nb2 Rc8
28. Rc1 Rxc1+ 29. Qxc1 Kg8 30. Qc8+ Qd8 31. Qxd8+ Bxd8 32. Bxd6 Nd7 33. Nc4 Kf7
34. a5 Ke6 35. b6 Bxb6 36. axb6 axb6 37. Bb4 Kd5 38. Nb2 g5 39. Kf1 Ne5 40. Bc3
Ng6 41. Bf6 h6 42. Bg7 h5 43. Bf6 g4 44. g3 b5 45. Ke2 Ke6 46. Bg7 h4 47. gxh4
Nxh4 48. Bh6 Nf3 49. Bf4 Kd5 50. Kd1 Kc5 51. Kc2 Ne1+ 52. Kb3 Kd5 53. Nd1 Nd3
54. Nc3+ Kc5 55. Bg3 b4 56. Ne2 Kd5 57. Nf4+ Kc5 58. Ne6+ Kd5 59. Ng7 f4 60.
Bxf4 Nxf2 61. Kxb4 Nd3+ 62. Kc3 Ne1 63. Nh5 Ng2 64. Kd2 Ke6 65. Bg3 Kf5 66. Nf4
1-0